| 000 | 00510cam a2200193ua 4500 | ||
|---|---|---|---|
| 001 | 4358 | ||
| 008 | 111224n ii |||gr||||Z||||||asm | ||
| 040 | _cMAIN | ||
| 082 | _a294.5923 | ||
| 100 | 1 | _aRajagupalachari, Chakravarty, | |
| 245 | 1 | 1 |
_aKatha mahabharat _cby Cjakravarty Rajagupalachari |
| 250 | _a5th. | ||
| 260 |
_aGuwahati: _bPublication board assam,985. |
||
| 300 |
_a412p: _c23cm. |
||
| 653 | _aMahabharat | ||
| 653 | _aKatha mahabharat | ||
| 700 | 1 |
_aSarma, Mahadeva, _eTranslator., |
|
| 942 | _cBK | ||
| 999 |
_c4174 _d4174 |
||